00298nam a2200097Ia 4500008004100000100002500041245006200066250001100128260004400139300001700183180205s9999 xx 000 0 und d aDuka, Joson-Villegas aBiology 1 :blaboratory manual: An investigative approach a6th ed aLos Baños citybJade book storec1999 aii, 84 pages